[Event "2nd IMSA Basque 2017-Men"]
[Site "Huaian"]
[Date "2017.12.14"]
[Round "2"]
[White "Andreikin, Dmitry"]
[Black "Korobov, Anton"]
[Result "0-1"]
[WhiteElo "2712"]
[BlackElo "2652"]
[Annotator "TA"]
[PlyCount "106"]
[EventDate "2017.??.??"]
[EventType "tourn"]
[EventCountry "CHN"]
[SourceTitle "playchess.com"]
[Source "ChessBase"]
[SourceQuality "1"]

{[%evp 25,106,66,50,8,29,25,10,7,10,11,33,30,10,-49,-22,-41,-50,-48,-81,-166,-179,-163,-83,-106,-19,-38,-35,-26,-30,-105,-47,-89,-77,-141,-136,-131,-157,-177,-133,-142,-88,-136,-149,-123,-113,-220,-214,-206,-222,-678,-684,-5281,-605,-685,-474,-576,-576,-29973,-12262,-12837,-12822,-12791,-6070,-5189,-835,-5627,-5085,-1539,-1250,-1242,-1242,-1188,-1188,-1173,-1173,-1173,-1160,-915,-797,-5829,-5118,-5110,-5110]} 1. Nf3 d5 2. e3 g6 3. c4 Nf6 4. cxd5 Nxd5 5. d4 Bg7 6. e4 Nb6 7. Nc3 O-O 8. Be3 Bg4 9. Be2 Nc6 10. d5 Bxf3 11. gxf3 Ne5 12. Qb3 c6 13. f4 Ned7 {LiveBook: 34 Games} 14. O-O-O $146 {D90: Grünfeld: 4 Nf3 Bg7 sidelines} ({Predecessor:} 14. dxc6 bxc6 15. Rd1 e6 16. h4 Qe7 17. h5 Rab8 18. Qc2 Rfd8 19. hxg6 hxg6 20. Kf1 Nf6 21. Rxd8+ Rxd8 22. Rg1 Bh6 23. Rh1 Bg7 24. Rg1 Bh6 25. Rh1 {½-½ (25) Sorkin,I (2392)-Shankland,S (2638) Las Vegas 2015}) 14... Bxc3 15. dxc6 {[#]} Bxb2+ $1 {[%mdl 512]} 16. Kxb2 {The position is equal.} (16. Qxb2 Qc7) 16... bxc6 17. Ka1 Rb8 18. Qa3 {[%mdl 1024] White has compensation.} e6 19. Bd4 (19. h4 $1 $11) 19... Qh4 20. Qg3 Qe7 21. h4 c5 22. Qa3 {[#]} (22. Bc3 $17) 22... Na4 $1 $19 {[%mdl 512]} 23. Rb1 (23. Qxa4 cxd4) 23... Rxb1+ (23... e5 $19 24. fxe5 Nxe5 25. Qxa4 cxd4 26. Qxd4 Nc6) 24. Rxb1 $17 Qxh4 (24... h5 $17) 25. Qxa4 $11 cxd4 26. Qxd7 Qxf2 27. Ba6 (27. Bc4 $11 {remains equal.}) 27... Qe3 (27... Qxf4 $17 28. Qxd4 h5) 28. Qc7 Qxe4 29. Qxa7 (29. Qd6 $142) 29... Qxf4 $17 30. Qc5 h5 {[%cal Bh7h5,Bh5h4,Bh4h3,Bh3h2][%mdl 32]} 31. Bd3 h4 32. Rf1 {[#]} Qg4 (32... Qh6 $142 $1 33. Qxd4 h3) 33. a4 h3 {Hoping for ...h2.} 34. Qe5 Qg2 {aiming for ...Ra8.} 35. Qe4 (35. Qf4 $17) 35... Qg5 $19 36. Qxd4 {[#]} h2 $1 37. Rh1 $2 (37. Bb5) 37... Rd8 38. Qb2 Rxd3 (38... Qg1+ $142 39. Qc1 Qd4+ 40. Ka2 Qxd3 41. Rxh2 Qd5+ 42. Ka1 Qd4+ 43. Kb1 Qb4+ 44. Ka1 Qxa4+ 45. Ra2 Qd4+ 46. Kb1 Rb8+ 47. Rb2 Rxb2+ 48. Qxb2 Qxb2+ 49. Kxb2 e5) 39. Qxh2 {[%csl Gh1][%cal Rh2h8][%mdl 4096] Endgame KQR-KQR} Qf6+ 40. Ka2 e5 {White must now prevent ...Qe6+.} 41. Qb2 Qd6 (41... Qe6+ $142 42. Ka1 Rb3 43. Qc1 Qg4 44. Rh2 Qxa4+ 45. Ra2 Qd4+ 46. Rb2 f5 47. Ka2 Rxb2+ 48. Qxb2 Qxb2+ 49. Kxb2 f4 50. Kb3 f3 51. Kc4 f2 52. Kd3 f1=Q+ 53. Ke4 Qf4+ 54. Kd5 e4 55. Kd4 e3+ 56. Kd3 Qe5 57. Kc4 e2 58. Kb4 e1=Q+ 59. Ka3 Q1c3+ 60. Ka4 Qe8#) 42. Rc1 {Black is clearly winning.} Kg7 43. Rc3 Rd4 (43... Rd2 $142 44. Rc2 Qd5+ 45. Ka1 Rd1+ 46. Rc1 Rd4) 44. Qb3 e4 (44... Rb4 $142 45. Qc2 Qd4) 45. a5 Rd2+ 46. Kb1 Qa6 47. Rc7 Qf1+ 48. Rc1 Qd3+ 49. Qxd3 Rxd3 ({Inferior is} 49... exd3 50. a6 $11) 50. Kb2 e3 {[%cal Be4e3,Be3e2][%mdl 32]} 51. Ra1 e2 {( -> ...Rd2+)} 52. Kc2 Rd5 53. a6 {[#]} Ra5 $1 {[%mdl 512] Precision: White = 31%, Black = 57%.} 0-1

[Event "2nd IMSA Basque 2017-Men"]
[Site "Huaian"]
[Date "2017.12.14"]
[Round "2"]
[White "Mamedov, Rauf"]
[Black "Artemiev, Vladislav"]
[Result "1/2-1/2"]
[WhiteElo "2709"]
[BlackElo "2691"]
[Annotator "TA"]
[PlyCount "59"]
[EventDate "2017.??.??"]
[EventType "tourn"]
[EventCountry "CHN"]
[SourceTitle "playchess.com"]
[Source "ChessBase"]
[SourceQuality "1"]

{[%evp 12,59,43,36,50,43,52,51,75,79,68,77,81,73,71,10,61,35,41,2,47,46,54,59,64,-18,69,16,15,10,88,115,185,137,638,632,1910,758,5577,5481,29994,1303,29995,29996,29996,29997,29997,29998,29998,29999]} 1. e4 c6 2. Nc3 d5 3. Nf3 dxe4 4. Nxe4 Nd7 5. Bc4 Ngf6 6. Neg5 Nd5 {B11: Caro-Kann: Two Knights Variation} 7. d4 {LiveBook: 50 Games} g6 (7... h6 8. Ne4 N7b6 9. Bd3 Nb4 10. Be2 Bf5 11. a3 Bxe4 12. axb4 e5 13. Nxe5 Bxb4+ 14. c3 Bd6 15. O-O {½-½ (15) Vorobiov,E (2572)-Landa,K (2669) Krasnoyarsk 2007}) 8. Qe2 h6 {White is slightly better.} 9. Ne4 {[%cal Re4d6]} Bg7 10. Nd6+ $146 ({Predecessor:} 10. Be3 O-O 11. O-O N7b6 12. Bb3 a5 13. c4 a4 14. cxd5 axb3 15. dxc6 bxa2 {0-1 (24) Kieslich,A (1868)-Richter,L (1867) Sebnitz 2011}) 10... Kf8 11. Nxc8 Rxc8 12. Bb3 e6 13. Bd2 ({White should play} 13. O-O $16) 13... Bf6 (13... c5 $11) 14. c4 Ne7 $1 15. Bc3 Kg7 16. O-O Re8 17. Rfe1 a6 18. a4 (18. Rad1 $14) 18... Qb6 ({Better is} 18... c5 $11) 19. Bc2 (19. a5 $14 Qc7 20. Qd2) 19... c5 $11 {[%cal Rc5d4]} 20. Rad1 {dxc5 is the strong threat.} cxd4 (20... Qc7 $11) 21. Rxd4 $16 ({Much weaker is} 21. Bxd4 $6 Bxd4 22. Nxd4 Rcd8 $11) 21... Nb8 (21... Nf8 $16) 22. Qd2 $36 {[%mdl 2048] And now Rd6 would win. White is in control.} Nf5 $2 {[%mdl 8192] [#]} (22... Ng8 $16 23. Ne5 Red8) 23. Bxf5 $1 $18 gxf5 24. Rd6 (24. Rh4 $142 Rh8 25. Bxf6+ Kf8 26. Bxh8) 24... Qc5 25. Bxf6+ Kxf6 26. Qxh6+ Ke7 {[#]} 27. Rexe6+ $1 {[%mdl 512] White mates.} fxe6 28. Qxe6+ Kf8 29. Qh6+ Kf7 30. Qh7+ {[%mdl 32768] Precision: White = 51%, Black = 23%. . An unexpected result.} 1/2-1/2

[Event "2nd IMSA Basque 2017-Men"]
[Site "Huaian"]
[Date "2017.12.14"]
[Round "2"]
[White "Wang, Hao"]
[Black "Harikrishna, P."]
[Result "1/2-1/2"]
[WhiteElo "2709"]
[BlackElo "2744"]
[Annotator "TA"]
[PlyCount "123"]
[EventDate "2017.??.??"]
[EventType "tourn"]
[EventCountry "CHN"]
[SourceTitle "playchess.com"]
[Source "ChessBase"]
[SourceQuality "1"]

{[%evp 21,123,9,14,24,7,15,11,17,18,10,45,19,25,0,19,10,21,0,8,13,39,19,75,53,47,47,60,40,38,38,87,87,87,87,87,87,87,87,87,87,87,87,95,95,96,96,96,95,95,95,95,95,95,95,114,88,114,88,88,88,88,88,88,87,87,16,23,0,0,0,39,39,40,40,57,20,20,20,45,18,21,2,9,0,0,0,10,0,0,0,0,0,0,0,0,0,0,0,0,0,0,0,0,0]} 1. d4 Nf6 2. c4 e6 3. Nf3 d5 4. g3 dxc4 5. Bg2 c5 6. O-O Nc6 7. Qa4 Bd7 8. Qxc4 b5 9. Qc3 {E04: Open Catalan: 5 Nf3} b4 10. Qd3 Rc8 11. dxc5 Bxc5 {LiveBook: 3 Games} 12. Be3 Bxe3 13. Qxe3 O-O 14. Nbd2 {[#]} e5 $146 ({Predecessor:} 14... Qe7 15. Nc4 Rfd8 16. Rac1 Ng4 {½-½ (72) Ding,L (2781)-Naiditsch,A (2712) Danzhou 2017}) 15. Nb3 e4 16. Nfd4 (16. Nfd2 {is interesting.} Bf5 17. Rfd1 Qe7 18. Qf4 Bg6 19. Nc4) 16... Nxd4 17. Nxd4 (17. Qxd4 {seems wilder.} Bb5 18. Bxe4 Bxe2 19. Rfe1 Qxd4 20. Nxd4 Nxe4 21. Rxe2 Ng5 22. Nf5) 17... Qb6 18. Qd2 h5 19. h3 {[%cal Bh2h3,Bh3h4][%mdl 32]} Rfe8 20. e3 Nh7 21. Rfc1 Ng5 (21... a5 $11) 22. h4 Rxc1+ 23. Rxc1 Nh7 $1 24. Nc2 Nf6 25. Nxb4 Rb8 26. a3 a5 27. Nd5 $36 {[%mdl 2048] White is on the roll.} Nxd5 28. Qxd5 Qxb2 29. Rd1 Bg4 30. Rd4 Qc1+ 31. Kh2 Qxa3 32. Bxe4 Re8 33. Qb5 Qe7 34. Qxa5 Qf6 35. Qd2 g6 36. Bg2 Kg7 37. Rf4 Qe5 38. Bd5 Re7 39. Rd4 Ra7 40. Re4 Qf6 41. Rf4 Qe5 42. Bg2 (42. Kg2 {feels hotter.} Bf5 43. Rd4 Rd7 44. Kh2 Ra7 45. Qb4) 42... Be6 43. Qd4 (43. Bh3 $16) 43... Qxd4 $11 44. exd4 {[%mdl 4096] Endgame KRB-KRB} (44. Rxd4 {is more complex.} Ra2 45. Rf4 f6 46. Bh3 Bxh3 47. Kxh3 g5 48. hxg5 fxg5 49. Rf5) 44... Ra5 45. Bf3 Ra2 46. Kg2 Ra5 47. Re4 Kf6 48. Re3 Ra4 49. Rd3 Bf5 50. Rd1 Ke6 {The position is equal.} 51. Kf1 Ra2 52. Ke1 Ra3 53. Bb7 Kd6 54. Bg2 Bg4 55. Rc1 Rd3 56. d5 Bf3 57. Bxf3 Rxf3 58. Ke2 Rf5 59. Rc6+ Kd7 60. Rc5 Kd6 61. Rc6+ Kd7 62. Rc5 {Precision: White = 63%, Black = 60%.} 1/2-1/2

[Event "2nd IMSA Basque 2017-Men"]
[Site "Huaian"]
[Date "2017.12.14"]
[Round "2"]
[White "Artemiev, Vladislav"]
[Black "Mamedov, Rauf"]
[Result "1/2-1/2"]
[WhiteElo "2691"]
[BlackElo "2709"]
[Annotator "TA"]
[PlyCount "114"]
[EventDate "2017.??.??"]
[EventType "tourn"]
[EventCountry "CHN"]
[SourceTitle "playchess.com"]
[Source "ChessBase"]
[SourceQuality "1"]

{[%evp 10,114,12,9,31,27,58,59,50,17,23,13,10,14,16,17,14,5,48,18,28,44,44,39,36,29,47,34,39,27,24,37,29,17,38,9,50,44,45,32,71,14,62,0,0,0,39,39,44,29,16,18,23,0,8,8,8,17,8,0,7,7,7,7,7,7,7,7,7,0,0,0,0,0,0,0,0,0,0,0,0,0,0,0,0,0,0,0,0,0,0,0,0,0,0,0,0,0,0,0,0,0,0,0,0,0,0]} 1. d4 d5 2. c4 c6 3. cxd5 cxd5 4. Bg5 {[%cal Bc1g5,Bg5h4,Bh4g3][%mdl 32]} (4. Nf3 Nf6 5. Nc3 Nc6 6. Bf4 Bf5 7. e3 e6 8. Qb3 Bb4 9. Ne5 Qb6 10. Nxc6 bxc6 11. Be2 Ne4 12. f3 Nxc3 13. bxc3 Be7 14. c4 Qxb3 15. axb3 Bb4+ 16. Kf2 a5 {1-0 (40) Li,C (2741)-Giri,A (2762) Palma de Mallorca 2017}) 4... Nc6 5. Nc3 h6 6. Bh4 {LiveBook: 5 Games. D10: Slav Defence: 3 cxd5 (without early Nf3) and 3 Nc3} g5 7. Bg3 Bg7 8. e3 {White is slightly better.} Nf6 9. Bb5 $146 ({Predecessor:} 9. Bd3 O-O 10. h4 g4 11. h5 Re8 {1-0 (41) Tomic,A (2251)-Raicevic,M (2338) Montenegro 2017}) 9... Bf5 10. Nf3 O-O 11. Bxc6 bxc6 12. O-O Nd7 13. Rc1 Bg4 14. Na4 Rc8 15. Nc5 Re8 16. h3 Bh5 17. Nxd7 Qxd7 18. Ne5 Bxe5 19. Qxh5 Bxg3 20. fxg3 Qe6 21. Rc3 Kg7 22. Qe2 Qd6 23. Qf2 f6 24. h4 Qd7 25. Qf3 (25. h5 $16) 25... Rg8 26. e4 (26. h5 $14) 26... gxh4 $11 27. gxh4 Kh7 28. Re1 Rce8 29. Qf5+ Qxf5 30. exf5 {[%mdl 4096] Endgame KRR-KRR} Rg4 31. Rce3 Rxh4 {The position is equal.} 32. Rxe7+ Rxe7 33. Rxe7+ {KR-KR} Kg8 34. Re6 Rxd4 35. Rxf6 h5 36. Rxc6 Rd2 37. Ra6 Rxb2 38. Rxa7 d4 39. Kh2 d3 40. a4 Rb4 41. Rd7 Rxa4 42. Rxd3 Rf4 43. Rd5 Kf7 44. Kg3 Rg4+ 45. Kf3 Kf6 46. g3 Rg5 47. Kf4 {[#] White threatens Rd6+ and mate.} Rg4+ 48. Kf3 Rg5 49. Rd6+ Kxf5 50. Rh6 Ke5 51. Kg2 Ke4 52. Kh3 Kf5 53. Ra6 Ke5 54. Ra3 Kf6 55. Kh4 {[#] Ra6+ would kill now.} Rb5 56. Ra6+ Kg7 57. Re6 Ra5 {Precision: White = 59%, Black = 64%.} 1/2-1/2

[Event "2nd IMSA Basque 2017-Men"]
[Site "Huaian"]
[Date "2017.12.14"]
[Round "2"]
[White "Korobov, Anton"]
[Black "Andreikin, Dmitry"]
[Result "0-1"]
[WhiteElo "2652"]
[BlackElo "2712"]
[Annotator "TA"]
[PlyCount "72"]
[EventDate "2017.??.??"]
[EventType "tourn"]
[EventCountry "CHN"]
[SourceTitle "playchess.com"]
[Source "ChessBase"]
[SourceQuality "1"]

{[%evp 9,72,22,44,-21,12,-26,47,44,46,15,15,15,24,15,20,16,47,35,14,16,57,0,0,-35,-24,-108,-104,-119,-101,-175,-122,-134,-129,-144,-134,-110,53,41,54,54,46,43,77,19,16,20,20,25,25,15,18,22,142,106,105,111,262,-56,151,-14,-16,-38,-36,-656,-641]} 1. d4 d5 2. c4 dxc4 3. e4 b5 4. a4 c6 5. Nc3 a6 {LiveBook: 20 Games} 6. Nf3 {D20: Queen's Gambit Accepted: 3 e3 and 3 e4} (6. axb5 $14 cxb5 7. Nxb5 $1 {[%mdl 512]}) 6... e6 7. Be2 Nf6 (7... Bb7 $11) 8. axb5 $14 {White is slightly better.} cxb5 9. Nxb5 axb5 10. Rxa8 Bb7 11. Ra1 Bb4+ 12. Bd2 Bxd2+ 13. Qxd2 {Qb4 is the strong threat.} Nxe4 {[#]} 14. Qa5 $146 Qd5 15. Qc7 (15. b3 $14) 15... O-O $1 $11 16. Ra7 Nd6 17. O-O (17. Qb6 $11 {remains equal.}) 17... Nc6 $17 18. Raa1 Nxd4 19. Rfe1 (19. Rfd1 $17 e5 20. Re1) 19... N6f5 (19... e5 $19 20. Qd7 Qc5) 20. Bd1 Rc8 21. Qb6 {[#]} g5 $1 {[%mdl 512]} 22. Ra7 (22. Nxg5 Qxg2#) 22... g4 $2 (22... Bc6 $17 {aiming for ...g4.} 23. h3 h5) 23. Qxb7 $40 {[%mdl 128] White has some attack.} Qxb7 24. Rxb7 gxf3 25. Bxf3 b4 26. Bh5 ({Don't go for} 26. Rxb4 $2 Nc2 $19) (26. Rc1 $16) 26... c3 $11 27. Bxf7+ Kf8 28. bxc3 bxc3 {White must now prevent ...c2.} 29. Bh5 (29. Bxe6 $2 Nxe6 30. Kf1 c2 $19) 29... c2 30. Rc1 e5 (30... Rc3 $11) 31. Kf1 Nd6 32. Rxh7 {Threatens to win with Rh8+.} Rc3 $2 {[#]} (32... Rc5 $16) 33. Ra7 $2 (33. Bg6 $1 $18) 33... Nc4 $2 (33... Nb3 $15 {stays ahead.} 34. Rxc2 Rxc2) 34. Bd1 $2 (34. Bg6 $16) 34... Nd2+ $1 35. Ke1 N2b3 {[%mdl 1024] Black has compensation.} 36. Ra3 $2 {[%mdl 8192]} (36. Rxc2 $15 Nxc2+ 37. Bxc2 Rxc2 38. Kf1) 36... cxd1=Q+ {Precision: White = 28%, Black = 45%.} 0-1

[Event "2nd IMSA Basque 2017-Men"]
[Site "Huaian"]
[Date "2017.12.14"]
[Round "3"]
[White "Mamedyarov, Shakhriyar"]
[Black "Yu, Yangyi"]
[Result "0-1"]
[WhiteElo "2799"]
[BlackElo "2751"]
[Annotator "TA"]
[PlyCount "70"]
[EventDate "2017.??.??"]
[EventType "tourn"]
[EventCountry "CHN"]
[SourceTitle "playchess.com"]
[Source "ChessBase"]
[SourceQuality "1"]

{[%evp 21,70,33,28,-7,0,0,0,0,-2,-47,-32,-36,-29,-30,-33,-18,-42,-36,-33,-28,0,0,0,-77,-59,-80,-47,-58,-38,-67,-75,-116,-118,-139,-111,-116,-109,-864,-864,-864,-856,-863,-850,-1050,-987,-1308,-1300,-2309,-2287,-29969,-29971]} 1. d4 Nf6 2. c4 e6 3. Nc3 Bb4 4. Nf3 d5 5. Bg5 h6 6. Bxf6 Qxf6 7. e3 {[%cal Be2e3,Be3d4][%mdl 32]} O-O 8. Be2 {D38: Queen's Gambit Declined: Ragozin Defence (4 Nf3 Bb4)} dxc4 9. O-O c5 10. Ne4 Qe7 11. a3 cxd4 {LiveBook: 7 Games} 12. exd4 Ba5 13. Bxc4 {[#]} Nc6 $146 ({Predecessor:} 13... Rd8 14. Qc2 Nc6 15. Rfd1 Bb6 16. Qc3 Bd7 17. b4 Be8 18. Rac1 Rac8 19. Qb2 Kh8 20. h3 {0-1 (51) Pelletier,Y (2583)-Vallejo Pons,F (2674) Olite 2006}) 14. Qe2 Rd8 15. Rfd1 Bb6 {[%cal Rc6d4]} 16. Ng3 Bxd4 ({Much weaker is} 16... Nxd4 $6 17. Rxd4 $1 {[%mdl 512]} Rxd4 18. Nf5 $1 $14 {[%mdl 512]}) 17. Nxd4 Rxd4 18. Rxd4 Nxd4 19. Qe4 Nc6 20. Rd1 Bd7 21. Nf5 Qd8 22. Nd6 (22. Bxe6 $1 $11 fxe6 {[#]} 23. Nxh6+ $1 {[%mdl 512]} gxh6 24. Qg6+ Kf8 25. Qxh6+ Ke8 26. Qh5+ Kf8 27. Qh8+ Kf7 28. Qh7+ Ke8 29. Qh5+ Kf8 30. Qh8+ Kf7 31. Qh7+ Ke8 32. Qh5+) 22... Be8 $17 23. b4 a6 24. h4 Qe7 {And now ...Rd8 would win.} 25. Rd3 Rd8 26. Qf4 b5 $36 {[%mdl 2048] Black is really pushing.} 27. Ba2 e5 {[%cal Be6e5,Be5f4][%mdl 32]} 28. Nf5 Qf6 29. Rxd8 $4 {[%mdl 8192]} (29. Qe4 $17) 29... exf4 $19 30. Rxe8+ Kh7 31. Bd5 g6 32. Rf8 Nd8 33. Nd4 Qe7 34. Rxd8 Qxd8 35. Bxf7 Qxd4 {Precision: White = 38%, Black = 89%.} 0-1

[Event "2nd IMSA Basque 2017-Men"]
[Site "Huaian"]
[Date "2017.12.14"]
[Round "3"]
[White "Ding, Liren"]
[Black "Wang, Hao"]
[Result "1/2-1/2"]
[WhiteElo "2777"]
[BlackElo "2709"]
[Annotator "TA"]
[PlyCount "70"]
[EventDate "2017.??.??"]
[EventType "tourn"]
[EventCountry "CHN"]
[SourceTitle "playchess.com"]
[Source "ChessBase"]
[SourceQuality "1"]

{[%evp 19,70,8,8,8,19,12,15,14,6,11,12,0,17,0,8,10,10,10,10,10,14,14,16,12,14,12,15,10,16,14,16,6,16,16,13,13,16,17,17,10,18,16,20,18,27,0,0,0,20,0,0,0,19]} 1. Nf3 d5 2. g3 g6 3. Bg2 Bg7 4. d4 Nf6 {[%cal Bg8f6,Bf6d7,Bd7b6][%mdl 32]} 5. O-O O-O 6. c4 c6 7. Qa4 Nfd7 {D78: Fianchetto Grünfeld: 6 0-0 c6} 8. cxd5 Nb6 9. Qd1 cxd5 10. Nc3 Nc6 {LiveBook: 8 Games} 11. e3 $146 ({Predecessor:} 11. h3 Bf5 12. Bf4 Rc8 13. Rc1 Qd7 14. g4 Be4 15. e3 {½-½ (32) Sedlak,N (2538)-Rodshtein,M (2634) Valjevo 2012}) 11... Bg4 12. h3 Bxf3 13. Qxf3 {[%cal Rc3d5]} e6 14. b3 Re8 15. Bb2 Rc8 16. Rfc1 a6 17. Qd1 Qd6 18. Ne2 Nd7 19. Nf4 Ne7 20. Nd3 Rxc1 21. Rxc1 Rc8 22. Rxc8+ Nxc8 23. Qc1 Qb8 24. a4 Ne7 25. Bf1 Nf5 26. Ba3 h5 27. Bg2 Bf8 28. Bxf8 Kxf8 29. a5 Nd6 30. b4 Qd8 31. h4 Nf6 32. Ne5 Nd7 {The position is equal.} 33. Nd3 Nf6 34. Ne5 Nd7 35. Nd3 Nf6 {Precision: White = 67%, Black = 78%.} 1/2-1/2

[Event "2nd IMSA Basque 2017-Men"]
[Site "Huaian"]
[Date "2017.12.14"]
[Round "3"]
[White "Grischuk, Alexander"]
[Black "Harikrishna, P."]
[Result "1/2-1/2"]
[WhiteElo "2772"]
[BlackElo "2744"]
[Annotator "TA"]
[PlyCount "161"]
[EventDate "2017.??.??"]
[EventType "tourn"]
[EventCountry "CHN"]
[SourceTitle "playchess.com"]
[Source "ChessBase"]
[SourceQuality "1"]

{[%evp 12,161,9,6,10,6,20,5,44,44,45,44,42,50,48,34,40,22,40,37,38,47,68,66,77,69,93,59,66,55,81,81,115,107,142,142,145,127,128,129,154,127,127,127,184,137,156,131,131,104,157,100,108,105,118,29,70,26,37,31,41,17,35,27,36,36,22,25,76,74,75,41,41,41,41,34,34,34,34,34,34,34,34,24,24,24,24,24,24,24,34,34,34,34,34,34,34,34,34,34,34,34,34,34,34,34,34,34,34,34,34,34,34,34,34,34,34,34,34,34,34,34,34,34,34,34,34,34,34,34,34,34,34,34,34,34,34,34,34,34,34,34,41,41,41,41,49,49,63,63,70,48]} 1. e4 c5 2. Nf3 e6 3. Nc3 Nc6 4. Bb5 Nd4 5. O-O a6 6. Bd3 Nc6 {B30: Sicilian: 2...Nc6 3 Bb5, lines without ...g6} 7. b3 {LiveBook: 15 Games} Nge7 (7... d6 8. Bb2 Nf6 9. Re1 Nd7 10. Bf1 Nde5 11. d3 Nxf3+ 12. Qxf3 Be7 13. Ne2 e5 14. c3 {½-½ (39) Hou,Y (2666)-Gelfand,B (2728) Geneve 2017}) 8. Bb2 Ng6 {The position is equal.} 9. Re1 Be7 10. Nd5 exd5 11. exd5 O-O 12. dxc6 dxc6 13. Bxg6 $146 ({Predecessor:} 13. Ne5 Nf4 14. Qf3 Nxd3 15. Nxd3 {1-0 (41) Sedlak,N (2537)-Perunovic,M (2618) Niksic 2016}) 13... hxg6 14. a4 a5 15. d3 Bf6 16. Bxf6 Qxf6 17. Qd2 b6 18. Ne5 Qd6 19. Qf4 Bf5 20. Qf3 Rac8 21. Nc4 Qc7 22. Qg3 Qxg3 23. hxg3 ({Much less strong is} 23. fxg3 Rb8 $16) 23... Rb8 24. Re7 Be6 25. Ne5 Rfc8 26. Re1 g5 27. Ra7 b5 (27... Ra8 $16 28. Rb7 Rcb8) 28. Rxa5 c4 29. dxc4 bxc4 30. bxc4 {And now Rc5 would win.} Rb2 (30... f6 $142) 31. Rc5 (31. Nf3 $142) 31... Rxc2 $16 32. a5 {Ra1 is the strong threat.} Ra2 33. Rc1 (33. Nxc6 $16 Rc7 34. Rb1) 33... Kf8 34. Rxc6 {Strongly threatening Ra6.} (34. Nxc6 {feels hotter.} g6 35. Rd1 Kg7 36. f3 g4 37. fxg4 Bxg4 38. Rdd5) 34... Rxa5 35. Rxc8+ Bxc8 $14 {[%mdl 4096] Endgame KRB-KRN} 36. Nf3 (36. c5 {feels hotter.} f6 37. Nc6 Ra4 38. Rb1 Kf7 39. Rb8) 36... Rc5 37. Nd2 Be6 38. f3 g4 39. Kf2 gxf3 (39... Ra5 $11 {keeps the balance.}) 40. gxf3 $16 Ke7 41. g4 f5 42. gxf5 Rxf5 43. Ke3 Ra5 44. Ne4 g5 45. Kd4 Rf5 46. Re1 Rf4 47. Ke3 Bxc4 48. Nxg5 Rh4 49. Ra1 Bd5 50. Ra6 (50. f4 {seems wilder.} Rh1 51. Ra7+ Kf6 52. Ra6+ Kg7 53. Kd4) 50... Bxf3 51. Kxf3 $11 {KRN-KR. White is slightly better.} Rh1 52. Kf4 Rf1+ 53. Ke5 Re1+ 54. Ne4 Ke8 55. Kd5 Kf8 56. Ra7 Rd1+ 57. Ke6 Re1 58. Kf5 Rf1+ 59. Kg6 Rg1+ 60. Ng5 Ke8 61. Kf6 Rf1+ 62. Ke5 Re1+ 63. Ne4 (63. Kd5 {keeps more tension.} Rd1+ 64. Ke4 Re1+ 65. Kd3 Rb1 66. Nf3) 63... Kf8 64. Rh7 Ke8 65. Kd5 Kd8 66. Nf6 Rd1+ 67. Ke6 Re1+ 68. Kd6 {[#] Intending Rh8+ and mate.} Rd1+ 69. Nd5 {[%cal Rh7h8]} Ke8 70. Re7+ (70. Rc7 {with more complications.} Rf1 71. Rd7 Kf8 72. Kc5 Re1 73. Rh7) 70... Kf8 71. Re4 Kf7 72. Rf4+ Kg6 73. Rf3 Ra1 74. Ke6 Ra6+ 75. Ke5 Ra5 76. Rg3+ Kh5 77. Rg1 Kh4 78. Kf4 {[%cal Rg1h1] [#]} Ra4+ 79. Kf3 Ra3+ 80. Ne3 Kh5 81. Ke4 {Precision: White = 58%, Black = 72%.} 1/2-1/2

[Event "2nd IMSA Basque 2017-Men"]
[Site "Huaian"]
[Date "2017.12.14"]
[Round "3"]
[White "Yu, Yangyi"]
[Black "Mamedyarov, Shakhriyar"]
[Result "1/2-1/2"]
[WhiteElo "2751"]
[BlackElo "2799"]
[Annotator "TA"]
[PlyCount "122"]
[EventDate "2017.??.??"]
[EventType "tourn"]
[EventCountry "CHN"]
[SourceTitle "playchess.com"]
[Source "ChessBase"]
[SourceQuality "1"]

{[%evp 21,122,29,61,25,67,45,102,95,107,88,103,87,106,-45,83,-10,-3,-20,-2,-6,-3,-19,0,-24,39,39,51,63,113,93,129,38,76,0,245,243,254,267,267,240,313,167,226,168,270,211,204,216,241,200,212,100,115,75,61,74,107,55,81,60,74,29,28,33,52,54,29,13,12,-8,-6,-6,-5,-4,-14,-78,-81,-93,0,0,0,-22,-22,-20,0,0,0,0,0,0,0,0,0,0,0,0,0,0,0,0,0,0,0]} 1. e4 e5 2. Nf3 Nc6 3. Bb5 a6 4. Ba4 d6 5. c3 Bd7 6. d4 g6 7. O-O Bg7 8. Be3 Nf6 9. Nbd2 {C76: Ruy Lopez: Deferred Steinitz: 5 c3 Bd7 6 d4 g6} Ng4 10. Bg5 f6 11. Bh4 Qe7 {LiveBook: 3 Games} 12. b4 $146 ({Predecessor:} 12. Re1 h5 13. h3 Nh6 14. Bg3 g5 15. Nf1 O-O-O 16. Ne3 Qf7 {0-1 (37) Kasimdzhanov,R (2703)-Mamedyarov,S (2746) Almaty 2016}) 12... h5 13. Bg3 {aiming for h3.} O-O (13... g5 $14) 14. Re1 Nh6 15. Nf1 g5 16. Bb3+ Kh7 17. dxe5 $2 ({Better is} 17. h3 $16) 17... Nxe5 (17... fxe5 $15 18. h4 Rxf3 $1 {[%mdl 512]} 19. gxf3 (19. Qxf3 gxh4 20. Bh2 Rf8 $11) 19... gxh4) 18. Bxe5 (18. Nxe5 fxe5 19. f3 g4 $15) (18. h4 $16) 18... fxe5 $11 19. Ne3 g4 20. Nd2 h4 21. Qe2 Qg5 22. Rf1 g3 (22... Ng8 $11) 23. fxg3 $14 {And now Nf3 would win.} hxg3 24. h3 b5 25. Nf3 Qh5 26. Nd4 ({White should play} 26. a4 $16) 26... Qh4 27. Nf3 (27. Ne6 $16) 27... Qd8 $2 (27... Qh5 $1 $11) 28. Qe1 $18 Bf6 29. Qxg3 c6 30. h4 Qb6 31. Qf2 (31. Ng5+ $6 Bxg5 32. hxg5 (32. Qxg5 $2 Rg8 $19) 32... Ng4 $16) (31. Rae1 $142) 31... d5 (31... Kh8 {was worth a try.} 32. Kh1 Be7) 32. Rae1 (32. exd5 e4 $11) 32... Kh8 {[#]} (32... dxe4 $142 33. Bc2 Kh8) 33. Ng4 $1 {[%mdl 512]} Qxf2+ (33... Bxg4 34. Qxb6) 34. Nxf2 d4 35. cxd4 exd4 36. e5 (36. Nd3 $18) 36... Be7 $16 37. e6 Be8 38. Nd3 a5 39. a3 (39. Nde5 $16) 39... Nf5 {[#]} 40. Nfe5 $1 axb4 41. axb4 {Nd7 is the strong threat.} Ra3 42. Bd1 Nxh4 43. Rxf8+ Bxf8 44. Re4 Ng6 {Hoping for ...Ra1.} 45. Bh5 $132 {[%mdl 2048] White puts up resistance} Nxe5 46. Rxe5 Bxh5 47. Rxh5+ $11 {[%mdl 4096] Endgame KRB-KRN} Kg7 48. Ne5 {[#]} (48. Rh3 $11) 48... d3 $1 $17 {[%cal Rd3d2]} ({Much weaker is} 48... Bxb4 49. Nxc6 d3 50. Kf2 $11 (50. Nxb4 $2 d2 $19)) 49. Kf2 Bxb4 (49... d2 $17 50. Ke2 Bxb4) 50. Nxc6 $11 {The position is equal.} Ra2+ 51. Ke3 d2 52. Rh1 Bc5+ 53. Kd3 Kf6 54. e7 Bxe7 55. Nxe7 {Black must now prevent Nd5+.} Kxe7 {KR-KR} 56. Rd1 Ke6 (56... Kd6 {is more complex.} 57. Rxd2 Ra4 58. Kc3+ Kc5 59. Kb3 Rb4+) 57. Rxd2 Rxd2+ 58. Kxd2 Kf5 59. Kc3 Kg4 60. Kb4 Kg3 61. Kxb5 Kxg2 {Precision: White = 54%, Black = 40%.} 1/2-1/2